<?xml version="1.0" encoding="UTF-8"?>
<record
    xmlns:xsi="http://www.w3.org/2001/XMLSchema-instance"
    xsi:schemaLocation="http://www.loc.gov/MARC21/slim http://www.loc.gov/standards/marcxml/schema/MARC21slim.xsd"
    xmlns="http://www.loc.gov/MARC21/slim">

  <leader>02559nab a2200217uuc4500</leader>
  <controlfield tag="001">1395148</controlfield>
  <controlfield tag="005">20251001101601.0</controlfield>
  <controlfield tag="008">141211e20131005                    spa  </controlfield>
  <datafield tag="035" ind1=" " ind2=" ">
    <subfield code="a">1395148</subfield>
  </datafield>
  <datafield tag="040" ind1=" " ind2=" ">
    <subfield code="c">comduadb</subfield>
  </datafield>
  <datafield tag="041" ind1=" " ind2=" ">
    <subfield code="a">spa</subfield>
  </datafield>
  <datafield tag="100" ind1=" " ind2="0">
    <subfield code="a">Laurell, Asa Cristina</subfield>
    <subfield code="c">soci&#xF3;loga mexicana</subfield>
    <subfield code="d">1943-</subfield>
    <subfield code="4">aut</subfield>
    <subfield code="e">aut</subfield>
    <subfield code="9">494288</subfield>
  </datafield>
  <datafield tag="245" ind1="1" ind2="0">
    <subfield code="a">Confrontando las po&#xED;ticas de desmantelamiento de los sistemas de protecci&#xF3;n y seguridad social : una visi&#xF3;n latinoamericana. Actuando desde afuera y dentro del gobierno</subfield>
  </datafield>
  <datafield tag="520" ind1="3" ind2=" ">
    <subfield code="a">INTRODUCCI&#xD3;N : La lucha por el derecho universal a la salud y por el fortalecimiento y ampliaci&#xF3;n de las instituciones p&#xFA;blicas de salud para garantizarlo es fundacional de la Medicina Social y de la Salud Colectiva y asimismo constituye un principios irrenunciable. Nuestra historia est&#xE1; llena de experiencias concretas, unas exitosas, otras no tanto. Estas experiencias son nuestro patrimonio y legado y una fuente rica para la reflexi&#xF3;n. Los latinoamericanos, junto con los africanos, somos especialistas en resistir la aplicaci&#xF3;n despiadada de las pol&#xED;ticas neocl&#xE1;sicas y neoliberales, pol&#xED;ticas que hoy han sacado a millones de personas a protestar en las calles de Europa. El Estado Social es ideol&#xF3;gicamente intolerable para los grandes capitales transnacionales y ahora han encontrado el momento para intentar destruirlo. Como aliento a las luchas europeas podemos decir que la mitad del continente latinoamericano tiene hoy gobiernos progresistas surgidos precisamente del combate popular contra el despojo, la opresi&#xF3;n y la injusticia. Hemos acumulado experiencias y ense&#xF1;anzas durante treinta a&#xF1;os. Una de las ense&#xF1;anzas, no siempre asumida, es que aunque nuestro actuar se basa en valores &#xE9;ticos y sociales generales, no hay un paradigma &#xFA;nico de actuaci&#xF3;n porque la especificidad nacional tiene un peso importante. Negar&#xED;amos la esencia del pensamiento m&#xE9;dico-social si no lo reconoci&#xE9;ramos. Nuestro objeto de transformaci&#xF3;n requiere incluir las dimensiones pol&#xED;tica, econ&#xF3;mica, social e hist&#xF3;rica. Esto no quiere decir que se asuman posiciones pragm&#xE1;ticas ultra-realistas ni que se adopten actitudes vanguardistas o sectarias.</subfield>
  </datafield>
  <datafield tag="650" ind1=" " ind2=" ">
    <subfield code="a">Seguridad social - Am&#xE9;rica Latina</subfield>
    <subfield code="9">164575</subfield>
  </datafield>
  <datafield tag="650" ind1=" " ind2=" ">
    <subfield code="a">Protecci&#xF3;n social - Am&#xE9;rica Latina</subfield>
    <subfield code="9">156478</subfield>
  </datafield>
  <datafield tag="650" ind1=" " ind2="7">
    <subfield code="a">Pol&#xED;tica de salud</subfield>
    <subfield code="2">lemb</subfield>
    <subfield code="9">63739</subfield>
  </datafield>
  <datafield tag="650" ind1=" " ind2="7">
    <subfield code="a">Pol&#xED;tica social</subfield>
    <subfield code="z">Am&#xE9;rica Latina</subfield>
    <subfield code="2">lemb</subfield>
    <subfield code="9">200271</subfield>
  </datafield>
  <datafield tag="773" ind1="0" ind2=" ">
    <subfield code="t">Divulgacao em Sa&#xFA;de para Debate (Rio de Janeiro)</subfield>
    <subfield code="g">No. 49, Oct. 2013, p. 35-39</subfield>
    <subfield code="w">1395023</subfield>
    <subfield code="x">0103-4383</subfield>
    <subfield code="0">697835</subfield>
  </datafield>
  <datafield tag="942" ind1=" " ind2=" ">
    <subfield code="c">ARIMP</subfield>
  </datafield>
  <datafield tag="999" ind1=" " ind2=" ">
    <subfield code="c">700187</subfield>
    <subfield code="d">700187</subfield>
  </datafield>
</record>
